| 000 | 00391nam a2200145Ia 4500 | ||
|---|---|---|---|
| 008 | 211109s9999||||xx |||||||||||||| ||und|| | ||
| 082 |
_a824 _bJAM-S |
||
| 100 | _aJames Anthony, Froude | ||
| 245 | 0 | _aShort Studies- Vol. IV | |
| 260 |
_bNATIONAL BOOKSTALL _aKottayam _c1917 |
||
| 300 | _a572p | ||
| 630 | _xGeneral Stack | ||
| 650 |
_aEnglish Litertaure _vEnglish Essays _xEnglish |
||
| 942 | _cBOOK | ||
| 999 |
_c470 _d470 |
||